BRIDA (Record no. 2363)
[ view plain ]
| 000 -LEADER | |
|---|---|
| fixed length control field | 00579nam a22001457a 4500 |
| 020 ## - INTERNATIONAL STANDARD BOOK NUMBER | |
| ISBN | 978-0-00-727859 |
| 082 ## - DEWEY DECIMAL CLASSIFICATION NUMBER | |
| Classification number | 823 |
| Item number | COE/B |
| 100 ## - MAIN ENTRY--AUTHOR NAME | |
| Personal name | COELHO,PAULO |
| 245 ## - TITLE STATEMENT | |
| Title | BRIDA |
| 260 ## - PUBLICATION, DISTRIBUTION, ETC. (IMPRINT) | |
| Place of publication | LONDON |
| Name of publisher | HAPPER COLLINS |
| 300 ## - PHYSICAL DESCRIPTION | |
| Number of Pages | 266 |
| 520 ## - SUMMARY, ETC. | |
| Summary, etc | It is the story of a beautiful young Irish girl and her quest for knowledge. She finds a hermit mage who teaches her to overcome fear and a witch who teaches her how to dance to the hidden music of the world. They see in her a gift, but must let her make her own voyage of discovery. |
| 650 ## - SUBJECT ADDED ENTRY--TOPICAL TERM | |
| Topical Term | NOVEL,ENGLISH |
| Geographic subdivision | LONDON |
| 942 ## - ADDED ENTRY ELEMENTS (KOHA) | |
| Koha item type | Books |
| Withdrawn status | Lost status | Collection code | Home library | Current library | Shelving location | Date acquired | Source of acquisition | Full call number | Accession Number | Koha item type |
|---|---|---|---|---|---|---|---|---|---|---|
| Fiction | Main Library | Main Library | SHELF-2-D ENGLIAH NOVELS FOR TEACHERS | 01/05/2009 | PURCHASE | 823 COE/B | 03649 | Books |